000 00403nam a2200181Ia 4500
001 24147
005 20260414151024.0
008 260414t2008||||xx |||||||||||||| ||spa||
041 _aESP
082 _a782.1
_bM84
100 _aMonteverdi, Claudio
_eAUT
245 0 _aOrfeo
_b
260 _c2008
300 _a60 páginas :
_c26 cm.
650 _aABD
654 _aCAU
942 _cLIB
_dJUS
_fJUS
_2ddc
_n
999 _c24147
_d24147